| 000 | 01755nam a2200301 4500 | ||
|---|---|---|---|
| 003 | EC-UNACH | ||
| 005 | 20251030123641.0 | ||
| 006 | s||||gr|||| 00| 00 | ||
| 008 | 150116t9999 mx r gr 000 0 spa d | ||
| 020 | _a 978-9978-86-766-2 | ||
| 040 |
_aEC-UNACH _cEC-UNACH |
||
| 041 | _aspa | ||
| 082 | 0 | 4 |
_223 _a340 _bL017883 |
| 110 | _aCorporación de Estudios y Publicaciones | ||
| 245 | _aDerechos y garantías constitucionales en el Ecuador : Evolución y actualidad | ||
| 250 | _aPrimera edición | ||
| 264 |
_aQuito - Ecuador _bCorporación de Estudios y Publicaciones _c2008 |
||
| 300 |
_a489 páginas _bCuadros, Tablas |
||
| 505 | _a Antecedentes y circunstancias de la génesis de la constitución de 2008.-- Visión General.- Características relevantes.-- Análisis del contenido de la constitución de 2008.-- Derechos.-- Derechos de las personas y grupos de atención prioritaria.-- Derechos de las comunidades, pueblos y nacionalidades.-- Derechos de participación.-- Derechos de libertad.-- Derechos de la naturaleza.-- Derechos de protección.-- Responsabilidades.-- Garantías constitucionales.-- Participación y organización del poder.-- Organización territorial del estado.-- Régimen de desarrollo.-- Régimen del buen vivir.-- Biodiversidad y recursos naturales.-- Relaciones internacionales.-- Supremacía de la constitución.-- Disposiciones transitorias.-- Régimen de transición.-- Mandatos constituyentes. | ||
| 650 | _aDERECHOS CONSTITUCIONALES | ||
| 650 | _a GARANTIAS CONSTITUCIONALES | ||
| 650 | _aRELACIONES INTERNACIONALES | ||
| 700 | _aRamón Eduardo, Burneo | ||
| 942 |
_2ddc _c1 |
||
| 999 | _c14125 | ||